| 000 | 01668nam0a2200373 4500 | ||
|---|---|---|---|
| 001 | RU\NLR\bibl\604159 | ||
| 005 | 20250610142854.0 | ||
| 010 |
_a5-9651-0029-9 _bв обл. |
||
| 021 |
_aRU _b2004-39194 _91949 |
||
| 035 | _aRSL-KNO-002449408 | ||
| 035 | _a(NLR Aleph) 000596087 | ||
| 090 |
_a1743546 _c1743546 |
||
| 100 | _a20040705d2004 |||y0rusy50 ca | ||
| 101 | 0 | _arus | |
| 102 | _aRU | ||
| 105 | _ay ||||||||| | ||
| 106 | _ar | ||
| 200 | 1 |
_aИстория становления и развития института образования в России (до начала ХХ в.) _eучеб. пособие _fГлущенко П. П., Шейко В. В. |
|
| 210 |
_aСПб. _cВВМ _d2004 _eОП НИИХ СПбГУ |
||
| 215 |
_a38, [1] с. _d21 |
||
| 320 | _aБиблиогр. в конце кн. (23 назв.) | ||
| 606 | 0 |
_aОбразование _xИстория _yРоссия _92297859 _3RU\NLR\auth\661375869 |
|
| 610 | 0 | _aКультура. Наука. Просвещение -- Народное образование. Педагогические науки -- История народного образования и педагогической мысли -- Россия -- Учебник для высшей школы | |
| 686 |
_aЧ33(2)я73-1 _2rubbk |
||
| 686 | _aЧ33(2) | ||
| 700 | 1 |
_aГлущенко _bП. П. _gПетр Петрович _4070 |
|
| 701 | 1 |
_aШейко _bВ. В. _gВольга Васильевна _4070 |
|
| 801 | 0 |
_aRU _bRuMoRKP _c20040705 _grcr |
|
| 801 | 1 |
_aRU _bRuMoRGB _c20040705 |
|
| 801 | 2 |
_aRU _bNLR _c20050201 _gPSBO |
|
| 830 | _aАвт. по кн. | ||
| 942 | _cBOOK | ||
| 980 | _aNB | ||